Food Science and Technology: Glossary of Preeminence (Record no. 13777)
[ view plain ]
| 000 -LEADER | |
|---|---|
| fixed length control field | 00317nam a22001217a 4500 |
| 020 ## - INTERNATIONAL STANDARD BOOK NUMBER | |
| ISBN | 9789380235806 |
| 082 ## - DEWEY DECIMAL CLASSIFICATION NUMBER | |
| Classification number | 664.033 |
| Item number | RAJ/FO |
| 100 ## - MAIN ENTRY--AUTHOR NAME | |
| Personal name | Raj, Dev |
| 245 ## - TITLE STATEMENT | |
| Title | Food Science and Technology: Glossary of Preeminence |
| 260 ## - PUBLICATION, DISTRIBUTION, ETC. (IMPRINT) | |
| Place of publication | New Delhi |
| Name of publisher | New India Publishing Agency |
| Year of publication | 2011 |
| 300 ## - PHYSICAL DESCRIPTION | |
| Number of Pages | 387 |
| 942 ## - ADDED ENTRY ELEMENTS (KOHA) | |
| Koha item type | Reference |
| Withdrawn status | Lost status | Damaged status | Collection code | Home library | Current library | Shelving location | Date acquired | Source of acquisition | Cost, normal purchase price | Full call number | Accession Number | Koha item type |
|---|---|---|---|---|---|---|---|---|---|---|---|---|
| Non-fiction | KAUAET | KAUAET | General Stacks | 31/03/2012 | International Books & Periodicals Supply Service, Delhi | 895.00 | 664.033 RAJ/FO | 23421 | Books | |||
| Reference | KAUAET | KAUAET | Reference1 | 29/06/2016 | Universal Research Books, Thrissur | 895.00 | 664.033 RAJ/FO | 23933 | Reference |
